Phobienquiz - Statistiken

Allgemein
  • Dieses Quiz wurde 28 mal gespielt
  • Das Durchschnittsergebnis liegt bei 4 aus 15
Antwortstatistiken
Hinweis Phobie % Korrekt
Tier/Lebewesen Arachnophobie
92%
Ort Klaustrophobie
62%
bestimmte Situatin Akrophobie
50%
Tier/Lebewesen Ophidiophobie
31%
Angstspirale Phobophobie
31%
Tier/Lebewesen Cynophobie
27%
Mensch Agoraphobie
23%
bestimmte Situation Nyktophobie
19%
bestimmte Situation Aerophobie
12%
Lebwesen/Objekt Mysophobie
12%
Mensch Soziale Phobie
12%
Mensch Thanatophobie
12%
Natur Astraphobie
0%
Mensch Glossophobie
0%
Objekt Trypanophobie
0%
Keine übereinstimmenden Quizze gefunden
Verteilung der Resultate
Anzahl Personen mit jedem Resultat
Perzentil nach korrekt beantworteten Fragen
Ihre Resultats-Entwicklung
Sie haben dieses Quiz noch nicht gespielt